000 00301nam a2200109Ia 4500
001 1276047
005 20260417160439.0
008 260417s9999 xx 000 0 und d
020 _a9786255695055
245 0 _aDallandı, Budaklandı, Kompostlandı!
_cBüşra Sezgin Öztürk
260 _bKetebe Çocuk
999 _c1276047
_d1276047